Militaires de fiction en images - Statistiques

Statistiques générales
  • Ce quiz a été pris 93 fois
  • Le résultat moyen est 5 sur 20
Statistiques - réponses
Par images Réponse % Correct
Captain America
98%
John Rambo
85%
James Francis Ryan
71%
Captain Marvel
62%
Samus Aran
31%
Solid Snake
31%
Guile
20%
Lieutenant Dan
16%
Caporal Blutch
14%
Chris Redfield
13%
Commandant Shepard
13%
Buck Danny
11%
Abraham Ford
9%
Steve Trevor
8%
Johnny Rico
7%
Calhoun
6%
Sergent Hartman
6%
Timothy "Dum Dum" Dugan
5%
Rita "Rose" Vrataski
3%
Trudy Chacon
0%
Aucun quiz correspondant
Distribution des résultats
% des personnes avec chaque résultat
Percentile par nombre de réponses
Votre historique - résultats
Vous n’avez pas pris ce quiz